| 000 | 00517cam a22002051 4500 | ||
|---|---|---|---|
| 001 | sa 68004960 | ||
| 003 | DLC | ||
| 005 | 20260227112505.0 | ||
| 008 | 680210s1968 ii 000 0 eng | ||
| 010 | _asa 68004960 | ||
| 025 | _aPL480:I-E-9921 | ||
| 040 |
_aDLC _cDLC _dDLC |
||
| 050 | 0 | 0 |
_aDS421.5 _b.C447 |
| 100 | 1 |
_aLal, Chaman, _ecomp. |
|
| 245 | 1 | 0 | _aText book of Indian culture. |
| 260 |
_a[New Delhi, _c1968] |
||
| 300 |
_a240 p. _c22 cm. |
||
| 350 | _aRs10 | ||
| 651 | 0 |
_aIndia _xCivilization _xMiscellanea. |
|
| 999 |
_c80459 _d80459 |
||